عالم الملائكة الأبرار / (رقم التسجيلة. 7747)

تفاصيل مارك
000 -الفاتح
حقل البيانات ثابتة الطول 00968cam a22002651a 4500
003 - محدد رقم الضبط
رقم الضبط OSt
005 - وقت وتاريخ اخر تعامل مع التسجيلة
رقم الضبط 20150408113826.0
008 - عناصر البيانات ثابتة الطول - معلومات عامة
حقل البيانات ثابتة الطول 100811s2008 ua g 00010 ara c
020 ## - الرقم الدولى المعيارى للكتب
الرقم الدولى المعيارى للكتاب 9957477188
040 ## - مصدر الفهرسة
وكالة الفهرسة الأصلية mu
لغة الفهرسة ara
وكالة النسخ mb
082 00 - رقم تصنيف ديوى العشرى
رقم التصنيف 243
رقم المادة أ ع ع
رقم الطبعة 21
082 04 - رقم تصنيف ديوى العشرى
رقم التصنيف 243
رقم الطبعة 21
100 1# - المدخل الرئيسى - إسم شخصى
الإسم الشخصى الأشقر، عمر سليمان عبد الله،
التواريخ المصاحبة للاسم 1940-
9 (RLIN) 213
245 10 - بيان العنوان
العنوان عالم الملائكة الأبرار /
بيان المسئوليه,etc عمر سليمان عبد الله الأشقر.
250 ## - بيان الطبعة
بيان الطبعة ط. خاصة بمصر والمغرب العربي واليمن.
260 ## - PUBLICATION, DISTRIBUTION, ETC. (IMPRINT)
مكان الناشر او الموزع عمان
اسم الناشر او الموزع دار النفائس
تاريخ النشر أو التوزيع 2005
300 ## - الوصف المادى
التعداد 111 ص. ؛
أبعاد الوعاء 24 سم.
490 1# - بيان السلسلة
عنوان السلسلة العقيدة في ضوء الكتاب والسنة ؛
رقم المجلد/ التعيين التسلسلي 2
650 #7 - المدخل الاضافى بالموضوع-مصطلح موضوعى
مصطلح موضوعي أو اسم جغرافي كعنصر مدخل الملائكة
مصدر الرأس أو المصطلح aucsh
9 (RLIN) 214
650 #7 - المدخل الاضافى بالموضوع-مصطلح موضوعى
مصطلح موضوعي أو اسم جغرافي كعنصر مدخل السمعيات (علم كلام)
مصدر الرأس أو المصطلح aucsh
9 (RLIN) 215
830 #2 - المدخل الاضافى بالسلسلة -عنوان موحد
عنوان موحد العقيدة في ضوء الكتاب والسنة
رقم المجلد/ التعيين التسلسلي 2
9 (RLIN) 216
910 ## - بيانات اختيارية للمستخدم
User-option data MADISLA_H-local
942 ## - عناصر المدخل الإضافي( كوها)
مصدر التصنيف او مخطط الترفيف Dewey Decimal Classification
Koha [default] item type DVD
المقتنيات
حالة الفقد نموذج السعر الفعال حالة تلف ليس للاعارة رقم الطلب تاريخ الاكتساب الموقع الحالي الباركود الفرع الرئيسي Date last seen نوع المادة فى نظام كوها مصدر التصنيف او خطة الترفيف Total Checkouts
  2013-03-10     243 أ ع ع 2011-06-09 المكتبة المركزية بالمجمعة (CL) 00062905 المكتبة المركزية بالمجمعة (CL) 2013-03-10 كتاب Dewey Decimal Classification  
  2013-03-10     243 أ ع ع 2011-06-09 المكتبة المركزية بالمجمعة (CL) 00062904 المكتبة المركزية بالمجمعة (CL) 2013-03-10 كتاب Dewey Decimal Classification  
  2013-03-10     243 أ ع ع 2011-06-09 المكتبة المركزية بالمجمعة (CL) 00062903 المكتبة المركزية بالمجمعة (CL) 2013-03-10 كتاب Dewey Decimal Classification  
  2013-03-10     243 أ ع ع 2012-02-19 مكتبة كلية العلوم و الدراسات الإنسانية برماح - طلاب (SRM) 00079240 مكتبة كلية العلوم و الدراسات الإنسانية برماح - طلاب (SRM) 2013-03-10 كتاب Dewey Decimal Classification  
  2013-03-10     243 أ ع ع 2012-02-19 مكتبة كلية العلوم و الدراسات الإنسانية برماح - طلاب (SRM) 00079239 مكتبة كلية العلوم و الدراسات الإنسانية برماح - طلاب (SRM) 2013-03-10 كتاب Dewey Decimal Classification  
  2013-03-10     243 أ ع ع 2012-02-19 مكتبة كلية العلوم و الدراسات الإنسانية برماح - طلاب (SRM) 00079244 مكتبة كلية العلوم و الدراسات الإنسانية برماح - طلاب (SRM) 2013-03-10 كتاب Dewey Decimal Classification  
  2013-03-10     243 أ ع ع 2012-02-19 مكتبة كلية العلوم و الدراسات الإنسانية برماح - طلاب (SRM) 00079243 مكتبة كلية العلوم و الدراسات الإنسانية برماح - طلاب (SRM) 2013-03-10 كتاب Dewey Decimal Classification  
  2013-03-10     243 أ ع ع 2012-02-19 مكتبة كلية العلوم و الدراسات الإنسانية برماح - طلاب (SRM) 00079242 مكتبة كلية العلوم و الدراسات الإنسانية برماح - طلاب (SRM) 2013-03-10 كتاب Dewey Decimal Classification  
  2013-03-10     243 أ ع ع 2012-02-19 مكتبة كلية العلوم و الدراسات الإنسانية برماح - طلاب (SRM) 00079241 مكتبة كلية العلوم و الدراسات الإنسانية برماح - طلاب (SRM) 2013-03-10 كتاب Dewey Decimal Classification  
  2013-03-10     243 أ ع ع 2011-09-04 مكتبة مجمع الطالبات بالمجمعة (EMF) 00018996 مكتبة مجمع الطالبات بالمجمعة (EMF) 2013-03-10 كتاب Dewey Decimal Classification